000 00954cam a2200325 i 4500
001 200440172
999 _c200440172
_d58384
003 TR-AnTOB
005 20240824073707.0
007 ta
008 710629s1968 fr 000 0 eng
010 _a68102978
015 _aF***
016 7 _a0242125
_2DNLM
040 _aDLC
_beng
_erda
_cDLC
_dTR-AnTOB
041 0 _aeng
043 _ad------
050 0 4 _aHD9018.D44
_bO74 1968
090 _aHD9018.D44
_bO74 1968
110 2 _aOrganisation for Economic Co-operation and Development
_933753
245 1 4 _aThe food problem of developing countries.
264 1 _aParis :
_bOrganisation for Economic Cooperation and Development,
_c1968.
300 _a114 pages ;
_c25 cm
336 _atext
_btxt
_2rdacontent
337 _aunmediated
_bn
_2rdamedia
338 _avolume
_bnc
_2rdacarrier
650 0 _aFood supply
_zDeveloping countries
_93983
942 _2lcc
_cBK